000 00554nam a2200229Ia 4500
003 OSt
005 20220923224842.0
006 a|||||r|||| 00| 0
007 ta
008 Pun
024 _a252,268
037 _cTextual
040 _aARTS
_cARTS
_bPun
041 _2Pun
_aPun
082 _aO153,3N171,RM, J0
100 _aਨਰੂਲਾ
245 0 _aਰੰਗ ਮਹਲ
260 _c1950
650 _aਪੰਜਾਬੀ ਸਾਹਿਤ
942 _hO153,3N171,RM, J0
_cTEXL
_2CC
999 _c374117
_d374117